000
00391nam a2200133Ia 4500
008
151001s9999||||xx |||||||||||||| ||und||
100
_a
शशिकला साळगांवकर
245
_a
दाजीबा आणि रावजी
250
_a
6
260
_b
अनमोल प्रकाशन पुणे
260
_c
1998
300
_a
32
365
_b
21
999
_c
974068
_d
974065